Medical and hygiene textile production : (Record no. 4707)

MARC details
000 -LEADER
fixed length control field 00601nam a22001937a 4500
003 - CONTROL NUMBER IDENTIFIER
control field OSt
005 - DATE AND TIME OF LATEST TRANSACTION
control field 20160711190333.0
008 - FIXED-LENGTH DATA ELEMENTS--GENERAL INFORMATION
fixed length control field 160711b xxu||||| |||| 00| 0 eng d
020 ## - INTERNATIONAL STANDARD BOOK NUMBER
International Standard Book Number 1853392111
040 ## - CATALOGING SOURCE
Transcribing agency 040a
082 ## - DEWEY DECIMAL CLASSIFICATION NUMBER
Classification number WA 788
Item number M422s 1994
100 ## - MAIN ENTRY--PERSONAL NAME
Personal name Mathews, Allison
9 (RLIN) 10124
245 ## - TITLE STATEMENT
Title Medical and hygiene textile production :
Remainder of title a handbook /
Statement of responsibility, etc. Allison Mathews, Martin Hardingham
260 ## - PUBLICATION, DISTRIBUTION, ETC. (IMPRINT)
Place of publication, distribution, etc. London
Name of publisher, distributor, etc. Intermediate technology publications
Date of publication, distribution, etc. 1994
300 ## - PHYSICAL DESCRIPTION
Extent viii, 48p;
Other physical details ill :
Dimensions 30 cm.
650 ## - SUBJECT ADDED ENTRY--TOPICAL TERM
Topical term or geographic name as entry element Textile production
9 (RLIN) 10125
700 ## - ADDED ENTRY--PERSONAL NAME
Personal name Hardingham, Martin
9 (RLIN) 10126
942 ## - ADDED ENTRY ELEMENTS (KOHA)
Source of classification or shelving scheme Other/Generic Classification Scheme
Koha item type Open Shelf
Holdings
Withdrawn status Lost status Source of classification or shelving scheme Damaged status Not for loan Home library Current library Date acquired Source of acquisition Inventory number Total Checkouts Full call number Barcode Date last seen Price effective from Koha item type
    Other/Generic Classification Scheme     MUST Main Library MUST Main Library 11/07/2016   2011/35192   WA 788 M422s 1994 2016-3115 11/07/2016 11/07/2016 Open Shelf